000 00254nam a22001097a 4500
008 170124b xxu||||| |||| 00| 0 eng d
020 _a9780803615670
041 _aeng
080 _22ND
_a618.2
245 _aCONCEPT MAPPING
_cSCHUSTER, P.M
942 _2udc
_cBK
999 _c3522
_d3522